000 00790nam a22002777a 4500
999 _c29439
_d29439
001 12086723
003 OSt
005 20171205203740.0
008 000410s2000 ke 000 0 eng
010 _a 99502281
020 _a9966250131
020 _z996620131
035 _a(DLC) 99502281
040 _aDLC
_cDLC
042 _alcode
050 0 0 _aMLCS 2000/01028 (P)
100 1 _aPowell, Mervyn G.
245 1 2 _aA place of no return /
_cMervyn G. Powell.
260 _aNairobi :
_bSpear Books,
_c2000.
300 _a145 p. ;
_c18 cm.
490 1 _aSpear books
830 0 _aSpear books series.
906 _a7
_bcbc
_corigode
_d3
_encip
_f19
_gy-gencatlg
942 _2lcc
_cAFRICANA
_hPR 6066 .O9P55 2011